<?xml version="1.0" encoding="UTF-8"?>
<record
    xmlns:xsi="http://www.w3.org/2001/XMLSchema-instance"
    xsi:schemaLocation="http://www.loc.gov/MARC21/slim http://www.loc.gov/standards/marcxml/schema/MARC21slim.xsd"
    xmlns="http://www.loc.gov/MARC21/slim">

  <leader>00793nam a22001337a 4500</leader>
  <datafield tag="040" ind1=" " ind2=" ">
    <subfield code="c">RUA</subfield>
  </datafield>
  <datafield tag="082" ind1=" " ind2=" ">
    <subfield code="a">VTF PHA 2010 B113 Or.1</subfield>
  </datafield>
  <datafield tag="100" ind1=" " ind2=" ">
    <subfield code="a">PHAN, SOVANNARA.</subfield>
  </datafield>
  <datafield tag="245" ind1=" " ind2=" ">
    <subfield code="a">Enquete sur la technique d'elevage de truies a la ferme de taing haingly a commune de dey ith district de keansvay province de kandal,&#x200B; &#x1780;&#x17B6;&#x179A;&#x17A2;&#x1784;&#x17D2;&#x1780;&#x17C1;&#x178F;&#x1791;&#x17C5;&#x179B;&#x17BE;&#x17CB;&#x1794;&#x1785;&#x17D2;&#x1785;&#x17C1;&#x1780;&#x1791;&#x17C1;&#x179F;&#x1785;&#x17B7;&#x1789;&#x17D2;&#x1785;&#x17B9;&#x1798;&#x1798;&#x17C1;&#x1787;&#x17D2;&#x179A;&#x17BC;&#x1780;&#x1793;&#x17C5;&#x1780;&#x179F;&#x17B7;&#x178A;&#x17D2;&#x178B;&#x17B6;&#x1793;&#x1787;&#x17D2;&#x179A;&#x17BC;&#x1780; &#x178F;&#x17B6;&#x17C6;&#x1784; &#x17A0;&#x17B6;&#x17C6;&#x1784;&#x179B;&#x17B8; &#x1793;&#x17C5;&#x1783;&#x17BB;&#x17C6;&#x178A;&#x17B8;&#x17A5;&#x178A;&#x17D2;&#x178B; &#x179F;&#x17D2;&#x179A;&#x17BB;&#x1780;&#x1782;&#x17C0;&#x1793;&#x179F;&#x17D2;&#x179C;&#x17B6;&#x1799; &#x1781;&#x17C1;&#x178F;&#x17D2;&#x178F;&#x1780;&#x178E;&#x17D2;&#x178A;&#x17B6;&#x179B;</subfield>
  </datafield>
  <datafield tag="260" ind1=" " ind2=" ">
    <subfield code="a">Phnom Penh</subfield>
    <subfield code="b">RUA</subfield>
    <subfield code="c">2010</subfield>
  </datafield>
  <datafield tag="300" ind1=" " ind2=" ">
    <subfield code="a">vii; 40p.</subfield>
    <subfield code="b">ill.</subfield>
    <subfield code="c">29cm.</subfield>
  </datafield>
  <datafield tag="856" ind1=" " ind2=" ">
    <subfield code="u">https://drive.google.com/file/d/1W9W5xj0q-WFdG2XKpUU_pigukJZxopwi/view?usp=sharing</subfield>
  </datafield>
  <datafield tag="942" ind1=" " ind2=" ">
    <subfield code="c">VTF`</subfield>
  </datafield>
  <datafield tag="999" ind1=" " ind2=" ">
    <subfield code="c">2800</subfield>
    <subfield code="d">2800</subfield>
  </datafield>
  <datafield tag="952" ind1=" " ind2=" ">
    <subfield code="0">0</subfield>
    <subfield code="1">0</subfield>
    <subfield code="2">ddc</subfield>
    <subfield code="4">0</subfield>
    <subfield code="6">VTF_PHA_2009_000000000000000_B113_OR_1</subfield>
    <subfield code="7">0</subfield>
    <subfield code="9">13446</subfield>
    <subfield code="a">LBB</subfield>
    <subfield code="b">LBB</subfield>
    <subfield code="c">B113</subfield>
    <subfield code="d">2015-10-27</subfield>
    <subfield code="o">VTF PHA 2009 B113 Or.1</subfield>
    <subfield code="p">RUA006870</subfield>
    <subfield code="r">2015-10-27</subfield>
    <subfield code="w">2015-10-27</subfield>
    <subfield code="y">VTF`</subfield>
  </datafield>
  <datafield tag="952" ind1=" " ind2=" ">
    <subfield code="0">0</subfield>
    <subfield code="1">0</subfield>
    <subfield code="2">ddc</subfield>
    <subfield code="4">0</subfield>
    <subfield code="6">VTF_PHA_2009_000000000000000_B113_OR_2</subfield>
    <subfield code="7">0</subfield>
    <subfield code="9">13447</subfield>
    <subfield code="a">LBB</subfield>
    <subfield code="b">LBB</subfield>
    <subfield code="c">B113</subfield>
    <subfield code="d">2015-10-27</subfield>
    <subfield code="o">VTF PHA 2009 B113 Or.2</subfield>
    <subfield code="p">RUA006445</subfield>
    <subfield code="r">2015-10-27</subfield>
    <subfield code="w">2015-10-27</subfield>
    <subfield code="y">VTF`</subfield>
  </datafield>
  <datafield tag="952" ind1=" " ind2=" ">
    <subfield code="0">0</subfield>
    <subfield code="1">0</subfield>
    <subfield code="2">ddc</subfield>
    <subfield code="4">0</subfield>
    <subfield code="6">VTF_PHA_2009_000000000000000_B113_OR_3</subfield>
    <subfield code="7">0</subfield>
    <subfield code="9">13448</subfield>
    <subfield code="a">LBB</subfield>
    <subfield code="b">LBB</subfield>
    <subfield code="c">B113</subfield>
    <subfield code="d">2015-10-27</subfield>
    <subfield code="o">VTF PHA 2009 B113 Or.3</subfield>
    <subfield code="p">RUA006451</subfield>
    <subfield code="r">2015-10-27</subfield>
    <subfield code="w">2015-10-27</subfield>
    <subfield code="y">VTF`</subfield>
  </datafield>
  <datafield tag="952" ind1=" " ind2=" ">
    <subfield code="0">0</subfield>
    <subfield code="1">0</subfield>
    <subfield code="2">ddc</subfield>
    <subfield code="4">0</subfield>
    <subfield code="6">VTF_PHA_2009_000000000000000_B113_OR_4</subfield>
    <subfield code="7">0</subfield>
    <subfield code="9">13449</subfield>
    <subfield code="a">LBB</subfield>
    <subfield code="b">LBB</subfield>
    <subfield code="c">B113</subfield>
    <subfield code="d">2015-10-27</subfield>
    <subfield code="o">VTF PHA 2009 B113 Or.4</subfield>
    <subfield code="p">RUA006472</subfield>
    <subfield code="r">2015-10-27</subfield>
    <subfield code="w">2015-10-27</subfield>
    <subfield code="y">VTF`</subfield>
  </datafield>
  <datafield tag="952" ind1=" " ind2=" ">
    <subfield code="0">0</subfield>
    <subfield code="1">0</subfield>
    <subfield code="2">ddc</subfield>
    <subfield code="4">0</subfield>
    <subfield code="6">VTF_PHA_2009_000000000000000_B113_OR_5</subfield>
    <subfield code="7">0</subfield>
    <subfield code="9">13450</subfield>
    <subfield code="a">LBB</subfield>
    <subfield code="b">LBB</subfield>
    <subfield code="c">B113</subfield>
    <subfield code="d">2015-10-27</subfield>
    <subfield code="l">1</subfield>
    <subfield code="o">VTF PHA 2009 B113 Or.5</subfield>
    <subfield code="p">RUA019674</subfield>
    <subfield code="r">2017-02-15</subfield>
    <subfield code="s">2016-04-04</subfield>
    <subfield code="w">2015-10-27</subfield>
    <subfield code="y">VTF`</subfield>
  </datafield>
  <datafield tag="952" ind1=" " ind2=" ">
    <subfield code="0">0</subfield>
    <subfield code="1">0</subfield>
    <subfield code="2">ddc</subfield>
    <subfield code="4">0</subfield>
    <subfield code="6">VTF_PHA_2009_000000000000000_B113_OR_6</subfield>
    <subfield code="7">0</subfield>
    <subfield code="9">13451</subfield>
    <subfield code="a">LBB</subfield>
    <subfield code="b">LBB</subfield>
    <subfield code="c">B113</subfield>
    <subfield code="d">2015-10-27</subfield>
    <subfield code="l">1</subfield>
    <subfield code="o">VTF PHA 2009 B113 Or.6</subfield>
    <subfield code="p">RUA017953</subfield>
    <subfield code="r">2018-08-14</subfield>
    <subfield code="s">2018-08-14</subfield>
    <subfield code="w">2015-10-27</subfield>
    <subfield code="y">VTF`</subfield>
  </datafield>
  <datafield tag="952" ind1=" " ind2=" ">
    <subfield code="0">0</subfield>
    <subfield code="1">0</subfield>
    <subfield code="2">ddc</subfield>
    <subfield code="4">0</subfield>
    <subfield code="6">VTF_PHA_2009_000000000000000_B113_OR_7</subfield>
    <subfield code="7">0</subfield>
    <subfield code="9">13452</subfield>
    <subfield code="a">LBB</subfield>
    <subfield code="b">LBB</subfield>
    <subfield code="c">B113</subfield>
    <subfield code="d">2015-10-27</subfield>
    <subfield code="o">VTF PHA 2009 B113 Or.7</subfield>
    <subfield code="p">RUA017521</subfield>
    <subfield code="r">2015-10-27</subfield>
    <subfield code="w">2015-10-27</subfield>
    <subfield code="y">VTF`</subfield>
  </datafield>
</record>
